{"text_format":"3","workbook":"xlsx","n_sheets":1,"sheets":["t624"],"read":"whole","date_system":"1900"}

{"sheet":"t624","index":0,"n_rows":184,"n_cols":7,"rows_kept":184,"merged":[[0,0,0,6],[30,0,30,5],[47,0,47,5],[149,0,149,5]]}
["TABELA 624.1 - Estatísticas Agrícolas, Município de Vargem, Estado de São Paulo, 2007/08."]
["ITEM","UNIDADE","N.DE UPAs","MÍNIMO","MÉDIO","MÁXIMO","TOTAL"]
["Distância à sede do município","km",279,{"v":1,"d":"1.0"},{"v":10.59,"d":"10.6"},{"v":40,"d":"40.0"},"-"]
["Área total","hectare",279,0.3,{"v":29.18,"d":"29.2"},{"v":402,"d":"402.0"},{"v":8141.1,"d":"8,141.1"}]
["Área com cultura perene","hectare",19,0.1,{"v":0.95,"d":"1.0"},{"v":5,"d":"5.0"},{"v":18,"d":"18.0"}]
["Área com cultura temporária","hectare",44,0.1,{"v":3.77,"d":"3.8"},{"v":35,"d":"35.0"},165.7]
["Área com pastagem","hectare",255,0.2,{"v":17.67,"d":"17.7"},{"v":264,"d":"264.0"},{"v":4506.9,"d":"4,506.9"}]
["Área com reflorestamento","hectare",72,0.2,21.6,271.5,{"v":1555.1,"d":"1,555.1"}]
["Área com vegetação natural","hectare",133,0.1,{"v":7.37,"d":"7.4"},{"v":92,"d":"92.0"},979.6]
["Área com vegetação de brejo e várzea","hectare",14,0.1,{"v":1.26,"d":"1.3"},{"v":3,"d":"3.0"},17.6]
["Área em descanso","hectare",56,0.1,{"v":6.28,"d":"6.3"},{"v":70,"d":"70.0"},351.5]
["Área complementar","hectare",272,0.1,{"v":2.01,"d":"2.0"},82.6,546.7]
["Área das UPAs com (0, 1] ha","hectare",6,0.3,{"v":0.65,"d":"0.7"},{"v":1,"d":"1.0"},3.9]
["Área das UPAs com (1, 2] ha","hectare",9,1.1,{"v":1.39,"d":"1.4"},{"v":2,"d":"2.0"},12.5]
["Área das UPAs com (2, 5] ha","hectare",70,2.1,{"v":3.73,"d":"3.7"},{"v":5,"d":"5.0"},261.2]
["Área das UPAs com (5, 10] ha","hectare",65,5.8,{"v":7.62,"d":"7.6"},9.7,495.2]
["Área das UPAs com (10, 20] ha","hectare",47,10.8,{"v":14.62,"d":"14.6"},{"v":20,"d":"20.0"},687.3]
["Área das UPAs com (20, 50] ha","hectare",47,21.2,{"v":32.89,"d":"32.9"},48.4,{"v":1545.9,"d":"1,545.9"}]
["Área das UPAs com (50, 100] ha","hectare",15,{"v":51,"d":"51.0"},{"v":72.07,"d":"72.1"},99.2,{"v":1081,"d":"1,081.0"}]
["Área das UPAs com (100, 200] ha","hectare",12,110.4,{"v":146.49,"d":"146.5"},193.6,{"v":1757.9,"d":"1,757.9"}]
["Área das UPAs com (200, 500] ha","hectare",8,203.2,{"v":287.03,"d":"287.0"},{"v":402,"d":"402.0"},{"v":2296.2,"d":"2,296.2"}]
["Área das UPAs com (500, 1.000] ha","hectare","-","-","-","-","-"]
["Área das UPAs com (1.000, 2.000] ha","hectare","-","-","-","-","-"]
["Área das UPAs com (2.000, 5.000] ha","hectare","-","-","-","-","-"]
["Área das UPAs com (5.000, 10.000] ha","hectare","-","-","-","-","-"]
["Área das UPAs acima de 10.000 ha","hectare","-","-","-","-","-"]
["Familiares do proprietário que trabalham na UPA","unidade",187,{"v":1,"d":"1.0"},{"v":1.78,"d":"1.8"},{"v":8,"d":"8.0"},{"v":333,"d":"333.0"}]
["Trabalhadores permanentes","unidade",141,{"v":1,"d":"1.0"},{"v":2.79,"d":"2.8"},{"v":50,"d":"50.0"},{"v":394,"d":"394.0"}]
["Fonte: Secretaria de Agricultura e Abastecimento, CDRS/IEA, Projeto LUPA."]
[]
["TABELA 624.2 - Explorações Animais, Município de Vargem, Estado de São Paulo, 2007/08."]
["ITEM","UNIDADE","N.DE UPAs","MÍNIMO","MÉDIO","MÁXIMO","TOTAL"]
["Apicultura","colmeias",2,{"v":3,"d":"3.0"},6.5,{"v":10,"d":"10.0"},{"v":13,"d":"13.0"}]
["Asininos E Muares","cabeças",1,{"v":1,"d":"1.0"},{"v":1,"d":"1.0"},{"v":1,"d":"1.0"},{"v":1,"d":"1.0"}]
["Avicultura de Corte","cabeças/ano",5,{"v":10,"d":"10.0"},{"v":28,"d":"28.0"},{"v":50,"d":"50.0"},{"v":140,"d":"140.0"}]
["Avicultura Ornamental/Decorativa/Exótica","cabeças",4,{"v":5,"d":"5.0"},{"v":14.25,"d":"14.3"},{"v":32,"d":"32.0"},{"v":57,"d":"57.0"}]
["Avicultura para Ovos","cabeças",6,{"v":10,"d":"10.0"},{"v":26.67,"d":"26.7"},{"v":50,"d":"50.0"},{"v":160,"d":"160.0"}]
["Bovinocultura de Corte","cabeças",55,{"v":1,"d":"1.0"},{"v":56.42,"d":"56.4"},{"v":500,"d":"500.0"},{"v":3103,"d":"3,103.0"}]
["Bovinocultura Leiteira","cabeças",14,{"v":2,"d":"2.0"},{"v":12.21,"d":"12.2"},{"v":45,"d":"45.0"},{"v":171,"d":"171.0"}]
["Bovinocultura Mista","cabeças",143,{"v":1,"d":"1.0"},{"v":26.18,"d":"26.2"},{"v":250,"d":"250.0"},{"v":3744,"d":"3,744.0"}]
["Caprinocultura","cabeças",4,{"v":8,"d":"8.0"},{"v":27,"d":"27.0"},{"v":80,"d":"80.0"},{"v":108,"d":"108.0"}]
["Equinocultura","cabeças",54,{"v":1,"d":"1.0"},{"v":4.06,"d":"4.1"},{"v":18,"d":"18.0"},{"v":219,"d":"219.0"}]
["Ovinocultura","cabeças",5,{"v":3,"d":"3.0"},{"v":42,"d":"42.0"},{"v":110,"d":"110.0"},{"v":210,"d":"210.0"}]
["Piscicultura","m² tanques",1,{"v":400,"d":"400.0"},{"v":400,"d":"400.0"},{"v":400,"d":"400.0"},{"v":400,"d":"400.0"}]
["Suinocultura","cabeças",6,{"v":2,"d":"2.0"},{"v":30.83,"d":"30.8"},{"v":150,"d":"150.0"},{"v":185,"d":"185.0"}]
["Fonte: Secretaria de Agricultura e Abastecimento, CDRS/IEA, Projeto LUPA."]
[]
["TABELA 624.3 -  Máquinas, Implementos e Benfeitorias, Município de Vargem, Estado de São Paulo, 2007/08."]
["ITEM","UNIDADE","N.DE UPAs","MÍNIMO","MÉDIO","MÁXIMO","TOTAL"]
["Arado Comum (Bacia, Aiveca)","Unidade",42,{"v":1,"d":"1.0"},{"v":1.12,"d":"1.1"},{"v":2,"d":"2.0"},{"v":47,"d":"47.0"}]
["Arado Escarificador","Unidade",2,{"v":1,"d":"1.0"},{"v":1,"d":"1.0"},{"v":1,"d":"1.0"},{"v":2,"d":"2.0"}]
["Arado Subsolador","Unidade",1,{"v":2,"d":"2.0"},{"v":2,"d":"2.0"},{"v":2,"d":"2.0"},{"v":2,"d":"2.0"}]
["Batedeira de Cereais","Unidade",1,{"v":1,"d":"1.0"},{"v":1,"d":"1.0"},{"v":1,"d":"1.0"},{"v":1,"d":"1.0"}]
["Colhedeira Acoplada","Unidade",1,{"v":1,"d":"1.0"},{"v":1,"d":"1.0"},{"v":1,"d":"1.0"},{"v":1,"d":"1.0"}]
["Computador","Unidade",3,{"v":1,"d":"1.0"},{"v":1,"d":"1.0"},{"v":1,"d":"1.0"},{"v":3,"d":"3.0"}]
["Conj.Irrigação Convencional","Unidade",13,{"v":1,"d":"1.0"},{"v":1.08,"d":"1.1"},{"v":2,"d":"2.0"},{"v":14,"d":"14.0"}]
["Conj.Irrigação/Gotejamento/Microaspersão","Unidade",2,{"v":1,"d":"1.0"},{"v":1,"d":"1.0"},{"v":1,"d":"1.0"},{"v":2,"d":"2.0"}]
["Conjunto de Fenação","Unidade",1,{"v":1,"d":"1.0"},{"v":1,"d":"1.0"},{"v":1,"d":"1.0"},{"v":1,"d":"1.0"}]
["Desintegrador, Picador, Triturador","Unidade",76,{"v":1,"d":"1.0"},{"v":1.03,"d":"1.0"},{"v":2,"d":"2.0"},{"v":78,"d":"78.0"}]
["Distribuidor de Calcário","Unidade",8,{"v":1,"d":"1.0"},{"v":1,"d":"1.0"},{"v":1,"d":"1.0"},{"v":8,"d":"8.0"}]
["Ensiladeira","Unidade",11,{"v":1,"d":"1.0"},{"v":1.09,"d":"1.1"},{"v":2,"d":"2.0"},{"v":12,"d":"12.0"}]
["Grade Aradora (Tipo Romi)","Unidade",7,{"v":1,"d":"1.0"},{"v":1,"d":"1.0"},{"v":1,"d":"1.0"},{"v":7,"d":"7.0"}]
["Grade Niveladora","Unidade",24,{"v":1,"d":"1.0"},{"v":1.17,"d":"1.2"},{"v":2,"d":"2.0"},{"v":28,"d":"28.0"}]
["Implementos para Tração Animal","Unidade",10,{"v":1,"d":"1.0"},1.3,{"v":2,"d":"2.0"},{"v":13,"d":"13.0"}]
["Microtrator","Unidade",1,{"v":1,"d":"1.0"},{"v":1,"d":"1.0"},{"v":1,"d":"1.0"},{"v":1,"d":"1.0"}]
["Misturador de Ração","Unidade",1,{"v":1,"d":"1.0"},{"v":1,"d":"1.0"},{"v":1,"d":"1.0"},{"v":1,"d":"1.0"}]
["Pulverizador Tratorizado","Unidade",14,{"v":1,"d":"1.0"},{"v":1.21,"d":"1.2"},{"v":2,"d":"2.0"},{"v":17,"d":"17.0"}]
["Roçadeira Tratorizada","Unidade",1,{"v":1,"d":"1.0"},{"v":1,"d":"1.0"},{"v":1,"d":"1.0"},{"v":1,"d":"1.0"}]
["Semeadeira/Adubadeira para Plantio Convencional","Unidade",6,{"v":1,"d":"1.0"},{"v":1.17,"d":"1.2"},{"v":2,"d":"2.0"},{"v":7,"d":"7.0"}]
["Semeadeira/Plantadeira Plantio Direto","Unidade",1,{"v":1,"d":"1.0"},{"v":1,"d":"1.0"},{"v":1,"d":"1.0"},{"v":1,"d":"1.0"}]
["Terraceador","Unidade",1,{"v":1,"d":"1.0"},{"v":1,"d":"1.0"},{"v":1,"d":"1.0"},{"v":1,"d":"1.0"}]
["Trator de Pneus","Unidade",73,{"v":1,"d":"1.0"},{"v":1.26,"d":"1.3"},{"v":4,"d":"4.0"},{"v":92,"d":"92.0"}]
["Açude/Represa","Unidade",33,{"v":1,"d":"1.0"},{"v":31.61,"d":"31.6"},{"v":1000,"d":"1,000.0"},{"v":1043,"d":"1,043.0"}]
["Adega Cantina","Unidade",1,{"v":3,"d":"3.0"},{"v":3,"d":"3.0"},{"v":3,"d":"3.0"},{"v":3,"d":"3.0"}]
["Almoxarifado/Oficina","Unidade",3,{"v":1,"d":"1.0"},{"v":1,"d":"1.0"},{"v":1,"d":"1.0"},{"v":3,"d":"3.0"}]
["Armazém para Grãos Ensacados","Sacas",4,{"v":1,"d":"1.0"},{"v":1.25,"d":"1.3"},{"v":2,"d":"2.0"},{"v":5,"d":"5.0"}]
["Balança para Bovinos","Unidade",4,{"v":1,"d":"1.0"},{"v":1,"d":"1.0"},{"v":1,"d":"1.0"},{"v":4,"d":"4.0"}]
["Barracão para Granja/Avicultura","Unidade",4,{"v":1,"d":"1.0"},{"v":1,"d":"1.0"},{"v":1,"d":"1.0"},{"v":4,"d":"4.0"}]
["Barracão/Galpão/Garagem","Unidade",144,{"v":1,"d":"1.0"},{"v":1.35,"d":"1.4"},{"v":5,"d":"5.0"},{"v":195,"d":"195.0"}]
["Casa de Moradia Habitada","Unidade",234,{"v":1,"d":"1.0"},{"v":2.15,"d":"2.2"},{"v":18,"d":"18.0"},{"v":503,"d":"503.0"}]
["Casa de Moradia Total","Unidade",255,{"v":1,"d":"1.0"},{"v":2.65,"d":"2.7"},{"v":18,"d":"18.0"},{"v":677,"d":"677.0"}]
["Curral/Mangueira","Unidade",121,{"v":1,"d":"1.0"},{"v":1.05,"d":"1.1"},{"v":2,"d":"2.0"},{"v":127,"d":"127.0"}]
["Depósito/Tulha","Unidade",104,{"v":1,"d":"1.0"},{"v":1.32,"d":"1.3"},{"v":5,"d":"5.0"},{"v":137,"d":"137.0"}]
["Engenho","Unidade",1,{"v":1,"d":"1.0"},{"v":1,"d":"1.0"},{"v":1,"d":"1.0"},{"v":1,"d":"1.0"}]
["Estábulo","Unidade",21,{"v":1,"d":"1.0"},{"v":1,"d":"1.0"},{"v":1,"d":"1.0"},{"v":21,"d":"21.0"}]
["Estufa/Plasticultura","m²",5,{"v":20,"d":"20.0"},{"v":7509,"d":"7,509.0"},{"v":30000,"d":"30,000.0"},{"v":37545,"d":"37,545.0"}]
["Fábrica de Ração","Unidade",1,{"v":1,"d":"1.0"},{"v":1,"d":"1.0"},{"v":1,"d":"1.0"},{"v":1,"d":"1.0"}]
["Instalações para Equinos","Unidade",6,{"v":1,"d":"1.0"},{"v":1.33,"d":"1.3"},{"v":2,"d":"2.0"},{"v":8,"d":"8.0"}]
["Máquina de Benefício","Unidade",2,{"v":1,"d":"1.0"},{"v":1,"d":"1.0"},{"v":1,"d":"1.0"},{"v":2,"d":"2.0"}]
["Olaria","Unidade",26,{"v":1,"d":"1.0"},{"v":1.27,"d":"1.3"},{"v":2,"d":"2.0"},{"v":33,"d":"33.0"}]
["Packing House","Unidade",1,{"v":2,"d":"2.0"},{"v":2,"d":"2.0"},{"v":2,"d":"2.0"},{"v":2,"d":"2.0"}]
["Pocilga","Unidade",32,{"v":1,"d":"1.0"},{"v":1.91,"d":"1.9"},{"v":20,"d":"20.0"},{"v":61,"d":"61.0"}]
["Poço Semi-Artesiano","Unidade",12,{"v":1,"d":"1.0"},{"v":1.33,"d":"1.3"},{"v":3,"d":"3.0"},{"v":16,"d":"16.0"}]
["Secador de Grãos","Unidade",1,{"v":1,"d":"1.0"},{"v":1,"d":"1.0"},{"v":1,"d":"1.0"},{"v":1,"d":"1.0"}]
["Silo para Grãos","t",2,{"v":200,"d":"200.0"},{"v":225,"d":"225.0"},{"v":250,"d":"250.0"},{"v":450,"d":"450.0"}]
["Silo para Silagem","t",6,{"v":1,"d":"1.0"},{"v":12.67,"d":"12.7"},{"v":30,"d":"30.0"},{"v":76,"d":"76.0"}]
["Terreiro","m²",11,{"v":1,"d":"1.0"},{"v":518.73,"d":"518.7"},{"v":2000,"d":"2,000.0"},{"v":5706,"d":"5,706.0"}]
["Usina de Açúcar/destilaria","Unidade",1,{"v":1,"d":"1.0"},{"v":1,"d":"1.0"},{"v":1,"d":"1.0"},{"v":1,"d":"1.0"}]
["Fonte: Secretaria de Agricultura e Abastecimento, CDRS/IEA, Projeto LUPA."]
[]
["TABELA 624.4 - Outras Estatísticas Agrícolas, Município de Vargem, Estado de São Paulo, 2007/08."]
["ITEM","Número de UPAs",null,"Percentual"]
["Faz Parte de Associação de Produtores",10,null,{"v":3.584229390681003,"d":"3.6"}]
["Faz Parte de Cooperativa de Produtores",14,null,{"v":5.017921146953405,"d":"5.0"}]
["Faz Parte do Sindicato de Produtores",8,null,{"v":2.867383512544803,"d":"2.9"}]
["Não utiliza assistência técnica ",213,null,{"v":76.34408602150538,"d":"76.3"}]
["Utiliza somente assistência técnica governamental ",15,null,{"v":5.376344086021505,"d":"5.4"}]
["Utiliza somente assistência técnica privada ",37,null,{"v":13.261648745519713,"d":"13.3"}]
["Utiliza assistência técnica tanto governamental quanto privada",14,null,{"v":5.017921146953405,"d":"5.0"}]
["Utiliza Crédito Rural",11,null,{"v":3.9426523297491043,"d":"3.9"}]
["Utiliza Seguro Rural",2,null,{"v":0.7168458781362007,"d":"0.7"}]
["Utiliza Escrituração Agrícola",26,null,{"v":9.31899641577061,"d":"9.3"}]
["Acessa Internet p/ Fins na Agropecuária",15,null,{"v":5.376344086021505,"d":"5.4"}]
["Utiliza Computador nas Atividades Agropecuárias",11,null,{"v":3.9426523297491043,"d":"3.9"}]
["Utiliza Energia Elétrica Para Uso na Atividade Agrícola",263,null,{"v":94.26523297491039,"d":"94.3"}]
["Realiza Análise de Solo, quando necessário",22,null,{"v":7.885304659498209,"d":"7.9"}]
["Utiliza Práticas de Conservação de Solo, quando necessário",30,null,{"v":10.75268817204301,"d":"10.8"}]
["Faz Adubação Mineral, quando necessário",83,null,{"v":29.74910394265233,"d":"29.7"}]
["Faz Adubação Orgânica, quando necessário",56,null,{"v":20.071684587813618,"d":"20.1"}]
["Faz Adubação Verde, quando necessário",7,null,{"v":2.5089605734767026,"d":"2.5"}]
["Utiliza Manejo Integrado de Pragas (MIP)",1,null,{"v":0.35842293906810035,"d":"0.4"}]
["Utiliza Hidroponia",1,null,{"v":0.35842293906810035,"d":"0.4"}]
["Utiliza Plasticultura",4,null,{"v":1.4336917562724014,"d":"1.4"}]
["Utiliza Mudas Fiscalizadas",38,null,{"v":13.620071684587813,"d":"13.6"}]
["Utiliza Semente Melhorada",48,null,{"v":17.204301075268816,"d":"17.2"}]
["Faz Confinamento de Bovinos","-",null,"-"]
["Utiliza Pastejo Intensivo",154,null,{"v":55.19713261648746,"d":"55.2"}]
["Faz Inseminação Artificial",4,null,{"v":1.4336917562724014,"d":"1.4"}]
["Faz Mineralização do Rebanho",163,null,{"v":58.422939068100355,"d":"58.4"}]
["Faz Vermifugação do Rebanho",168,null,{"v":60.215053763440864,"d":"60.2"}]
["Possui Parceiros /Arrendatários na Exploração Animal",48,null,{"v":17.204301075268816,"d":"17.2"}]
["Esporte e lazer","-",null,"-"]
["Extração mineral","-",null,"-"]
["Hotel Fazenda, Pousada ou SPA",2,null,{"v":0.7168458781362007,"d":"0.7"}]
["Pesque-pague","-",null,"-"]
["Restaurante ou Lanchonete",1,null,{"v":0.35842293906810035,"d":"0.4"}]
["Transformação artesanal","-",null,"-"]
["Turismo rural ou ecoturismo","-",null,"-"]
["Outras atividades econômicas rurais",4,null,{"v":1.4336917562724014,"d":"1.4"}]
["Agroindústria","-",null,"-"]
["Proprietário sem instrução ou com instrução incompleta",20,null,{"v":7.168458781362006,"d":"7.2"}]
["Proprietário com antigo primário completo",139,null,{"v":49.820788530465954,"d":"49.8"}]
["Proprietário com 1° grau (ou antigo ginasial) completo",46,null,{"v":16.487455197132615,"d":"16.5"}]
["Proprietário com 2° grau (ou antigo colegial) completo",31,null,{"v":11.111111111111112,"d":"11.1"}]
["Proprietário com curso superior completo ",38,null,{"v":13.620071684587813,"d":"13.6"}]
["Pessoa Jurídica",5,null,{"v":1.7921146953405018,"d":"1.8"}]
["Proprietário residente na própria UPA ",128,null,{"v":45.878136200716845,"d":"45.9"}]
["Fonte: Secretaria de Agricultura e Abastecimento, CDRS/IEA, Projeto LUPA."]
[]
["TABELA 624.5 - Área Cultivada, Município de Vargem, Estado de São Paulo, 2007/08."]
["CULTURA","N.DE UPAs","MÍNIMO","MÉDIO","MÁXIMO","TOTAL"]
["Braquiaria",239,0.4,{"v":17.64,"d":"17.6"},{"v":264,"d":"264.0"},{"v":4215.2,"d":"4,215.2"}]
["Eucalipto",69,0.2,{"v":22.48,"d":"22.5"},271.5,{"v":1550.8,"d":"1,550.8"}]
["Outras gramineas para pastagem",16,0.2,{"v":11.74,"d":"11.7"},{"v":65,"d":"65.0"},187.8]
["Milho",24,0.2,{"v":4.48,"d":"4.5"},{"v":35,"d":"35.0"},107.4]
["Capim-gordura",5,0.2,14.6,{"v":60,"d":"60.0"},{"v":73,"d":"73.0"}]
["Cana-de-acucar",6,0.1,{"v":4.07,"d":"4.1"},{"v":20,"d":"20.0"},24.4]
["Feijao",6,0.5,{"v":2.73,"d":"2.7"},7.5,16.4]
["Gramas",1,10.3,10.3,10.3,10.3]
["Outras leguminosas para pastagem",1,9.8,9.8,9.8,9.8]
["Capim-napier (ou capim-elefante)",7,0.2,{"v":1.39,"d":"1.4"},{"v":6,"d":"6.0"},9.7]
["Cafe",6,0.2,1.6,{"v":5,"d":"5.0"},9.6]
["Floricultura para corte",2,{"v":1,"d":"1.0"},2.5,{"v":4,"d":"4.0"},{"v":5,"d":"5.0"}]
["Bucha",6,0.5,0.8,1.2,4.8]
["Pinus",3,0.2,{"v":1.43,"d":"1.4"},3.9,4.3]
["Noz-peca  (ou peca)",1,3.8,3.8,3.8,3.8]
["Pomar domestico",8,0.1,{"v":0.33,"d":"0.3"},{"v":1,"d":"1.0"},2.6]
["Maracuja",3,0.4,0.8,{"v":1,"d":"1.0"},2.4]
["Tomate envarado",3,0.5,{"v":0.63,"d":"0.6"},0.8,1.9]
["Banana",2,0.2,0.6,{"v":1,"d":"1.0"},1.2]
["Coloniao",1,1.1,1.1,1.1,1.1]
["Pepino",2,0.3,{"v":0.35,"d":"0.4"},0.4,0.7]
["Outras frutiferas",1,0.7,0.7,0.7,0.7]
["Abobora (ou jerimum)",1,0.5,0.5,0.5,0.5]
["Mandioca",1,0.5,0.5,0.5,0.5]
["Outras olericolas",1,0.4,0.4,0.4,0.4]
["Alface",2,0.2,0.2,0.2,0.4]
["Chicoria (ou chicoria-de-folha-crespa)",1,0.2,0.2,0.2,0.2]
["Pimentao",1,0.2,0.2,0.2,0.2]
["Cenoura",1,0.2,0.2,0.2,0.2]
["Horta domestica",1,0.1,0.1,0.1,0.1]
["Floricultura para vaso",1,0.1,0.1,0.1,0.1]
["Couve (ou couve-crespa)",1,0.1,0.1,0.1,0.1]
["Fonte: Secretaria de Agricultura e Abastecimento, CDRS/IEA, Projeto LUPA."]